ARRUPE JESUIT UNIVERSITY

CORONAVIRUS -STOP THE SPREAD - CLEAN,DISINFECT,COVER

What we believe but cannot prove : (Record no. 130776)

MARC details
000 -LEADER
fixed length control field 00986cam a22002897a 4500
001 - CONTROL NUMBER
control field 14508623
003 - CONTROL NUMBER IDENTIFIER
control field ARRUPE
005 - DATE AND TIME OF LATEST TRANSACTION
control field 20211013112623.0
008 - FIXED-LENGTH DATA ELEMENTS--GENERAL INFORMATION
fixed length control field 060819s2006 nyu 000 0 eng d
010 ## - LIBRARY OF CONGRESS CONTROL NUMBER
LC control number 2006297514
020 ## - INTERNATIONAL STANDARD BOOK NUMBER
International Standard Book Number 0060841818 (pbk.)
020 ## - INTERNATIONAL STANDARD BOOK NUMBER
International Standard Book Number 9780060841812
035 ## - SYSTEM CONTROL NUMBER
System control number (OCoLC)ocm64549307
040 ## - CATALOGING SOURCE
Original cataloging agency JRS
Transcribing agency JRS
Modifying agency JRS
-- BAKER
-- DPL
-- IP4
-- OCO
-- EYE
-- DLC
042 ## - AUTHENTICATION CODE
Authentication code lccopycat
050 00 - LIBRARY OF CONGRESS CALL NUMBER
Classification number Q173
Item number .W54 2006
082 04 - DEWEY DECIMAL CLASSIFICATION NUMBER
Classification number 500
Edition number 22
300 ## - PHYSICAL DESCRIPTION
Dimensions 21 cm.
245 00 - TITLE STATEMENT
Title What we believe but cannot prove :
Remainder of title today's leading thinkers on science in the age of certainty /
Statement of responsibility, etc edited by John Brockman.
250 ## - EDITION STATEMENT
Edition statement 1st ed.
260 ## - PUBLICATION, DISTRIBUTION, ETC. (IMPRINT)
Place of publication, distribution, etc New York :
Name of publisher, distributor, etc Harper Perennial,
Date of publication, distribution, etc c2006.
300 ## - PHYSICAL DESCRIPTION
Extent xvii, 252 p. ;
650 #0 - SUBJECT ADDED ENTRY--TOPICAL TERM
Topical term or geographic name as entry element Science
Form subdivision Miscellanea.
9 (RLIN) 17703
700 1# - ADDED ENTRY--PERSONAL NAME
Personal name Brockman, John,
Dates associated with a name 1941-
9 (RLIN) 50268
906 ## - LOCAL DATA ELEMENT F, LDF (RLIN)
a 7
b cbc
c copycat
d 2
e ncip
f 20
g y-gencatlg
942 ## - ADDED ENTRY ELEMENTS (KOHA)
Source of classification or shelving scheme Library of Congress Classification
Koha item type Monograph ( Printed materials)
Holdings
Withdrawn status Lost status Source of classification or shelving scheme Damaged status Not for loan Collection code Home library Current library Shelving location Date acquired Total Checkouts Full call number Barcode Date last seen Price effective from Koha item type
    Library of Congress Classification     Main Collection ARRUPE LIBRARY ARRUPE LIBRARY Main Collection 13/10/2021   Q173 .W54 2006 46600007434 13/10/2021 13/10/2021 Monograph ( Printed materials)

 

Arrupe Library. PO Box MP320 Mt Pleasant, Harare, Zimbabwe
263 242 745411|librarian@aju.ac.zw